De breedste Landen van Oost naar West - Statistieken

Algemene statistieken
  • Deze quiz is 2.916 keer genomen
  • De gemiddelde score is 16 van 20
Antwoordstatistieken
Breedte Land % Correct
10.564 km Rusland
100%
4563 km Verenigde Staten
99%
5823 km Canada
98%
5224 km China
98%
4329 km Brazilië
96%
4045 km Australië
93%
2887 km India
89%
2523 km Mongolië
85%
3008 km Kazachstan
84%
3151 km Mexico
81%
2122 km Democratische Republiek Congo
78%
2110 km Algerije
77%
1911 km Iran
70%
2176 km Saoedi-Arabië
68%
1610 km Turkije
67%
1634 km Libië
65%
1820 km Soedan
56%
1702 km Niger
56%
1773 km Mali
54%
1670 km Marokko
38%
Geen overeenkomende quizzen gevonden
Scoreverdeling
Procent van Mensen met Elke Score
Percentiel versus Aantal Correcte Antwoorden
Uw Scoregeschiedenis
U heeft deze quiz nog niet genomen